| 000 | 01013cab a2200205 4500 | ||
|---|---|---|---|
| 001 | L136832 | ||
| 008 | 070227n2007 000 0 eng u | ||
| 035 | _a(Sirsi) u136832 | ||
| 041 | 0 | _aeng | |
| 100 | 1 | _aStewart, Dan | |
| 245 | 0 | 0 | _aBetter than the real thing |
| 260 | _c2007 | ||
| 490 | 0 |
_aBuilding _v272(8468) 23 February 2007, 49-49(4) |
|
| 520 | _aReports on the world's first virtual reality building site, based in the Netherlands. The Building Management Simulation Centre (BMSC) combines actors, sound effects and virtual technology to help trainee site managers learn their trade. The BMSC deals with the consequences of management decisions, giving trainees the chance to see the results of their mistakes. The first British BMSC is due to open at Coventry University in autumn 2008. Article includes feedback from users of the Netherlands BMSC. | ||
| 590 | _aKA | ||
| 651 | 4 |
_aUnited Kingdom _y |
|
| 690 |
_aProject management _96261 |
||
| 690 |
_aConstruction management _96230 |
||
| 942 | _n0 | ||
| 999 |
_c78458 _d78458 |
||